Normal view
MARC view
- Indo-Iranian language & literature
Entry Topical Term
001 - CONTROL NUMBER
- control field: 11869
003 - CONTROL NUMBER IDENTIFIER
- control field: NUST
005 - DATE AND TIME OF LATEST TRANSACTION
- control field: 20180719092652.0
008 - FIXED-LENGTH DATA ELEMENTS
- fixed length control field: 180719|| aca||aabn | a|a d
040 ## - CATALOGING SOURCE
- Original cataloging agency: NUST
- Transcribing agency: NUST
150 ## - HEADING--TOPICAL TERM
- Topical term or geographic name entry element: Indo-Iranian language & literature
670 ## - SOURCE DATA FOUND
- Source citation: Work cat.: (NUST)173356: Caṭṭopādhyāya, Śaratcandra, 1876-1938. 11868, The Saratchandra omnibus /, 2005-
